<?xml version="1.0" encoding="UTF-8"?>
<collection xmlns="http://www.loc.gov/MARC21/slim">
 <record>
  <leader>01066pamaa2200253   4500</leader>
  <controlfield tag="001">0000053628</controlfield>
  <controlfield tag="005">20151001090000.0</controlfield>
  <controlfield tag="008">151001                             eng  </controlfield>
  <datafield tag="020" ind1=" " ind2=" ">
   <subfield code="a">9781285184494 (pbk.) </subfield>
  </datafield>
  <datafield tag="020" ind1=" " ind2=" ">
   <subfield code="a">1285184491 (pbk.) </subfield>
  </datafield>
  <datafield tag="090" ind1="0" ind2="0">
   <subfield code="a">HD30.28 </subfield>
   <subfield code="b">HIL 2015</subfield>
  </datafield>
  <datafield tag="100" ind1="1" ind2=" ">
   <subfield code="a">Hill </subfield>
  </datafield>
  <datafield tag="245" ind1="1" ind2="0">
   <subfield code="a">Strategic management theory  </subfield>
   <subfield code="c">Charles W.L. Hill, Gareth R. Jones, Melissa A. Schilling.</subfield>
  </datafield>
  <datafield tag="250" ind1=" " ind2=" ">
   <subfield code="a">11th edition.</subfield>
  </datafield>
  <datafield tag="260" ind1=" " ind2=" ">
   <subfield code="a">Stamford, CT: </subfield>
   <subfield code="b">Cengage Learning, </subfield>
   <subfield code="c">2015.</subfield>
  </datafield>
  <datafield tag="300" ind1=" " ind2=" ">
   <subfield code="a">xxvi, 467, C1-C380 pages: </subfield>
   <subfield code="b">illustrations; </subfield>
   <subfield code="c">27 cm.</subfield>
  </datafield>
  <datafield tag="500" ind1=" " ind2=" ">
   <subfield code="a">Previously published: Strategic management : an integrated approach / Charles W.L. Hill, Gareth R. Jones. Mason, OH : South-Western, Cengage Learning, c2013</subfield>
  </datafield>
  <datafield tag="501" ind1="0" ind2="0">
   <subfield code="a">BFNPI</subfield>
  </datafield>
  <datafield tag="504" ind1=" " ind2=" ">
   <subfield code="a">Includes bibliographical references and index</subfield>
  </datafield>
  <datafield tag="600" ind1=" " ind2=" ">
   <subfield code="a">Jones, Gareth R.</subfield>
  </datafield>
  <datafield tag="650" ind1="0" ind2="0">
   <subfield code="a">Strategic planning -- </subfield>
   <subfield code="x">Case studies -- </subfield>
   <subfield code="z">United States </subfield>
  </datafield>
  <datafield tag="650" ind1="0" ind2="0">
   <subfield code="a">Management -- </subfield>
   <subfield code="x">Case studies -- </subfield>
   <subfield code="z">United States </subfield>
  </datafield>
  <datafield tag="650" ind1="0" ind2="0">
   <subfield code="a">Business planning -- </subfield>
   <subfield code="x">Case studies -- </subfield>
   <subfield code="z">United States </subfield>
  </datafield>
  <datafield tag="901" ind1=" " ind2=" ">
   <subfield code="u">http://www.cengagebrain.com</subfield>
  </datafield>
 </record>
</collection>
